000 00698nam a2200229 u 4500
005 20240228064035.0
008 120213s2006 es r 000 0 spa d
020 _a8496388484
035 _aUPN01000183402
049 _aI
050 4 _aPZ74.1
_bG3.2
100 1 _aGayoso, Xulio
245 1 3 _aLa banda de Vilacendoi /
_cXulio Gayoso ; tr. de Chema Heras.
260 _aSevilla, Esp. :
_bKalandraka,
_cc2006.
300 _a[42] p. :
_bprincipalmente il. col.
440 0 _aLibros para soñar
534 _pTítulo original:
_tA Banda de Vilacendoi
650 4 _aLiteratura infantil española
_95892
650 4 _aLibros y lectura para niños
_92290
905 _aInfantil
999 _c155505
_d155505